Capitales contenant la lettre U - Statistiques

Statistiques générales
  • Ce quiz a été pris 950 fois
    378 depuis la dernière actualisation
  • Le résultat moyen est 42 sur 59
Statistiques - réponses
Réponse % Correct
Buenos Aires
91%
Dublin
89%
Moscou
89%
Luxembourg
88%
Bucarest
86%
Budapest
86%
Quito
86%
Bruxelles
85%
Tunis
84%
Vilnius
84%
Asuncion
79%
Chisinau
77%
Maputo
77%
Séoul
77%
Bakou
76%
Guatemala
76%
Singapour
76%
Tegucigalpa
76%
Vaduz
76%
Oulan-Bator
75%
Jérusalem
74%
Katmandou
74%
Ouagadougou
74%
Port-Louis
74%
Kaboul
73%
Ljubljana
73%
Yamoussoukro
73%
Kuala Lumpur
72%
Abou Dabi
71%
Beyrouth
71%
Khartoum
71%
Lusaka
71%
Nouakchott
71%
Port-au-Prince
70%
Yaoundé
70%
Copenhague
69%
Douchanbé
69%
Luanda
69%
Suva
69%
Prague
68%
Saint-Domingue
68%
Bangui
66%
Funafuti
66%
Nassau
66%
Abuja
65%
Bissau
65%
Majuro
65%
Maseru
65%
Nuku'alofa
64%
Roseau
64%
Banjul
62%
Djouba
61%
Managua
61%
Thimphou
61%
Djibouti
60%
Ngerulmud
58%
Sri Jayawardenapura Kotte
38%
Tarawa-Sud
36%
Nusantara
24%
Aucun quiz correspondant
Distribution des résultats
% des personnes avec chaque résultat
Percentile par nombre de réponses
Votre historique - résultats
Vous n’avez pas pris ce quiz depuis la dernière actualisation